Welcome to CU Library Online Public Access Catalogue (OPAC)

FEAR THE CHURCH BEWITCHMENT AND OVERCOMING FEAR (Record no. 7516)

MARC details
000 -LEADER
fixed length control field 00350nam a22001217a 4500
005 - DATE AND TIME OF LATEST TRANSACTION
control field 20250910125613.0
008 - FIXED-LENGTH DATA ELEMENTS--GENERAL INFORMATION
fixed length control field 250910b |||||||| |||| 00| 0 eng d
100 ## - MAIN ENTRY--PERSONAL NAME
Personal name KONYESHI EMMANUEL U.
245 ## - TITLE STATEMENT
Title FEAR THE CHURCH BEWITCHMENT AND OVERCOMING FEAR
260 ## - PUBLICATION, DISTRIBUTION, ETC.
Place of publication, distribution, etc. LAGOS
Name of publisher, distributor, etc. GLORIUS EVANEL CHURCH INTERNATIONAL
Date of publication, distribution, etc. c2001
300 ## - PHYSICAL DESCRIPTION
Extent 266P
942 ## - ADDED ENTRY ELEMENTS (KOHA)
Source of classification or shelving scheme Library of Congress Classification
Koha item type Books
Suppress in OPAC No
999 ## -
-- 7516
-- 7516
Holdings
Withdrawn status Lost status Source of classification or shelving scheme Damaged status Not for loan Collection Home library Current library Shelving location Date acquired Total checkouts Barcode Date last seen Copy number Price effective from Koha item type
    Library of Congress Classification     Non-fiction Undergraduate Library (Christ Temple) Undergraduate Library (Christ Temple) General stacks 09/10/2025   ulct00004698 09/10/2025 1 09/10/2025 Books
© 2023-2024 Copyright: Central University Libraries. All Rights Reserved | Created by: Mahone Tech Office